000 03588nam0a2200385 4500
001 RU\NLR\BIBL_A\012853313
005 20221027190350.0
010 _a978-5-94578-185-6
_9500
021 _aRU
_bКН-П-22-030433
_9КН-П-22-2591
035 _a(NLR Aleph) 012853313
035 _a(RuMoRGB)011068407
090 _a12434430
_c12434430
100 _a20220725d2021 k y0rusy50 ca
101 0 _arus
102 _aRU
105 _aa z 100zy
181 0 _ai
_baxxe
182 0 _an
200 1 _aОсобые дети - особая педагогика: проблемы развития, воспитания и социализации в контексте вызовов современного образования
_eсборник материалов VII-й всероссийской научно-практической конференции с международным участием, 14 апреля 2021 г.
_fМинистерство спорта Российской Федерации, Смоленская государственная академия физической культуры, спорта и туризма [и др.]
_gпод общей редакцией кандидата педагогических наук, доцента Пегова В. А. [и др.]
203 _aТекст
_bвизуальный
_cнепосредственный
210 _aСмоленск
_cПринт-экспресс
_cСГАФКСТ
_d2021
215 _a58, [1] с.
_cил.
_d21
320 _aБиблиогр. в конце докл.
330 _aB статьях Всероссийской научно-практической конференции представлены исследования и практический опыт, которые с самых разных сторон освещают проблемы воспитания и образования особых детей в условиях общеобразовательных детских садов и школ, а также вопросы инклюзивного образования лиц с ограниченными возможностями здоровья. Авторы статей также затрагивают вопросы психолого-педагогической помощи детям, имеющих особые образовательные потребности и нуждающихся в особом уходе
606 1 _aКоррекционная (специальная) педагогика
_jСъезды, совещания и т.п
_2nlr_sh2
_3RU\NLR\AUTH\661300383
675 _a376.1(082)
_v4
686 1 _aЧ430я431
702 1 _aПегов
_bВ. А.
_gВладимир Анатольевич
_4340
711 1 2 _a"Особые дети - особая педагогика: проблемы развития, воспитания и социализации в контексте вызовов современного образования", всероссийская научно-практическая конференция с международным участием
_d7
_f2021
_eСмоленск
_3RU\NLR\AUTH\880569400
712 0 2 _aСмоленская государственная академия физической культуры, спорта и туризма
_3RU\NLR\AUTH\8810141377
_4475
942 _cBOOK
980 _aNB